Статистическая погрешность расчета нуклидного состава топлива при малой глубине выгорания; Атомная энергия; Т. 98, вып. 2

Bibliografski detalji
Parent link:Атомная энергия: теоретический и научно-технический журнал/ Российская академия наук ; Министерство РФ по атомной энергии, ядерного общества.— , 1956-.— 0004-7163
Т. 98, вып. 2.— 2005.— с. 91-97
Glavni autor: Дегтярев А. М.
Daljnji autori: Мясников А. А.
Jezik:ruski
Izdano: 2005
Serija:Статьи
Teme:
Format: Poglavlje knjige
KOHA link:https://koha.lib.tpu.ru/cgi-bin/koha/opac-detail.pl?biblionumber=426196

MARC

LEADER 00000naa2a2200000 4500
001 426196
005 20231101074512.0
035 |a (RuTPU)RU\TPU\prd\84919 
035 |a RU\TPU\prd\35004 
090 |a 426196 
100 |a 20100701a2005 k y0rusy50 ca 
101 0 |a rus 
102 |a RU 
200 1 |a Статистическая погрешность расчета нуклидного состава топлива при малой глубине выгорания  |f А. М. Дегтярев, А. А. Мясников 
225 1 |a Статьи 
320 |a Библиогр.: 3 назв. 
461 0 |0 (RuTPU)RU\TPU\prd\33  |x 0004-7163  |t Атомная энергия  |o теоретический и научно-технический журнал  |f Российская академия наук ; Министерство РФ по атомной энергии, ядерного общества  |d 1956- 
463 0 |0 (RuTPU)RU\TPU\prd\84917  |t Т. 98, вып. 2  |v с. 91-97  |d 2005 
610 1 |a выгорание 
610 1 |a топливо 
610 1 |a нуклидный состав 
610 1 |a статистические погрешности 
610 1 |a расчет 
610 1 |a нейтроны 
610 1 |a тепловой спектр 
610 1 |a модели 
610 1 |a уран-графитовые реакторы 
675 |a 621.039.5  |v 3 
700 1 |a Дегтярев  |b А. М. 
701 1 |a Мясников  |b А. А. 
801 1 |a RU  |b 63413507  |c 20050418  |g PSBO 
801 2 |a RU  |b 63413507  |c 20100701  |g RCR 
942 |c BK